[Event "Interzonal-12b"]
[Site "Toluca de Lerdo"]
[Date "1982.08.28"]
[Round "13"]
[White "Jussupow, Artur"]
[Black "Rubinetti, Jorge Alberto"]
[Result "1-0"]
[WhiteElo "2555"]
[BlackElo "2395"]
[Annotator "Stohl,I"]
[PlyCount "49"]
[EventDate "1982.08.11"]
[EventType "tourn"]
[EventRounds "13"]
[EventCountry "MEX"]
[EventCategory "12"]
[SourceTitle "IZT"]
[Source "ChessBase"]
[SourceDate "1999.07.01"]
[SourceVersion "1"]
[SourceVersionDate "1999.07.01"]
[SourceQuality "1"]

1. d4 Nf6 2. c4 d6 3. Nc3 Nbd7 4. Nf3 c6 5. e4 e5 6. Be2 Be7 7. O-O O-O 8. h3
a6 9. a4 $5 a5 10. Be3 Re8 (10... exd4 $142 $5 11. Nxd4 Nc5 12. Qc2 Re8 $13)
11. d5 $1 $14 Qc7 {/\Nc5} 12. Nd2 Nc5 13. Kh2 $1 {/\g3,f4|^} Bd8 $2 {/\Qb6-a7,
Bb6} (13... h6 $142 $14 {/\Nh7}) 14. Rg1 $1 Qb6 (14... h6 $142) 15. Rb1 Qa7 16.
g4 $1 $16 {/\Nf1-g3-f5} Rf8 (16... Bb6 $5) 17. Nf1 Ne8 18. Ng3 f6 19. Nf5 Bxf5
$6 (19... Qb8 20. dxc6 bxc6 21. Nxd6 $1 $16) 20. gxf5 {-><->g} Bb6 21. Bh5 Rd8
22. Bh6 Rd7 23. Bxe8 Rxe8 24. Qh5 $18 Qb8 (24... Rf8 25. Bxg7 $1 Rxg7 26. Rxg7+
Kxg7 27. Rg1+ Kh8 28. Qg4) 25. Bxg7 $1 (25. Bxg7 Rxg7 26. Rxg7+ Kxg7 27. Rg1+
Kh8 28. Qf7 $18) 1-0